| 000 | 00521nam a2200169 i 4500 | ||
|---|---|---|---|
| 001 | 81248 | ||
| 003 | ES-MaACL | ||
| 005 | 20230906174411.0 | ||
| 007 | t| | ||
| 008 | 041103s1970 sp ||||1| spa d | ||
| 100 | 1 |
_aCrichton, Michael. _941610 |
|
| 245 | 1 | 3 |
_aUn caso de urgencia / _cJeffery Hudson (seud.) ; [traducido por Margarita García de Miró]. |
| 260 |
_aBarcelona : _bGrijalbo, _c[1970] |
||
| 300 |
_a302 p. ; _c19 cm. |
||
| 700 | 1 |
_aGarcía de Miró, Margarita. _954475 |
|
| 852 |
_aES-MaACL _jC-39915 _bR.73576 |
||
| 999 |
_c81248 _d81248 |
||